000 00622nam a2200193 4500
001 122375
003 ES-MaACL
005 20230906191950.0
007 t|
008 070214s1961 sp r ||||1| spa d
100 1 _aPrieto Rivera, Martín.
_993943
245 1 3 _aEl derecho de los trabajadores a vivir /
_cpor Martín Prieto Rivera, S. J.
260 _aMadrid :
_bRazón y Fe,
_c1961.
300 _a250 p. ;
_c18 cm.
490 1 _aBiblioteca Razón y Fe de cuestiones actuales
830 0 _aBiblioteca Razón y Fe de cuestiones actuales
_9182379
852 _aES-MaACL
_jC-20651
_bR.49060
999 _c122375
_d122375